| 000 | 00505nam a2200181Ia 4500 | ||
|---|---|---|---|
| 001 | 4000 | ||
| 005 | 20260306145724.0 | ||
| 008 | 260306t2010||||xx |||||||||||||| ||spa|| | ||
| 041 | _aESP | ||
| 082 |
_a306.349 _bR15 |
||
| 100 |
_aRáez Luna, Ernesto _eAUT |
||
| 245 | 0 |
_aViene más la pobreza: _bConflictos socioambientales y megaproyectos de infraestructura vial y energética en la Amazonía Peruana |
|
| 260 | _c2010 | ||
| 300 |
_a _c |
||
| 650 | _aGEN | ||
| 654 | _aCHU | ||
| 942 |
_cLIB _dJUS _fJUS _2ddc _n |
||
| 999 |
_c4000 _d4000 |
||